000 00763nam a22002537a 4500
003 CHAP
005 20220329134910.0
008 971013s1985 r 00010 d
010 _a27738
011 _a28710
035 _a32817
040 _cCHAP
082 _a633.74
_bI58
110 _aINIA. México. Campo Agrícola Experimental Rosario Izapa
_958511
245 _aManual sobre el cultivo de cacao (Theobroma cacao L.)
260 _aTapachula, Chis. :
_bEl Instituto,
_c1985
300 _a169 p.
_b: ilus
590 _aBATCH-UPD
_b10
_c20130110
_lUCH01
_h1052
590 _aCONVERSION
_b10
_c20130109
_lUCH01
_h1316
650 1 4 _aCacao.
_916918
901 _aBK
942 _cLIBRO
949 _a633.74 I58
_bBC
_cLIBRO
_d33724000262226
_eLIBRO
_h68487
_i32817
_si
999 _c27738
_d27738